Caricamento...

തക൪ന്ന കമ്മ്യൂണിസം വളരുന്ന ഹിന്ദുത്വവാദം

Dettagli Bibliografici
Autori principali: അടപ്പൂ൪ എ, Adappur A
Natura: Printed Book
Pubblicazione: The Author; 2000
Edizione:1st
Soggetti:
LEADER 00769nam a22001937a 4500
020 |a 81-240-0890-6 
082 |a 894.M4  |b ADA/T P0 
100 |a അടപ്പൂ൪ എ  |9 96121 
100 |a Adappur A  |9 96122 
240 |a Thakarnna Communism, Valarunna Hinduthwavadam 
245 |a തക൪ന്ന കമ്മ്യൂണിസം വളരുന്ന ഹിന്ദുത്വവാദം 
250 |a 1st 
260 |b The Author;  |c 2000 
300 |a 136P. 
650 |a മലയാളം; ഉപന്യാസം  |9 116026 
650 |a Malayalam; Essays  |9 116027 
942 |c BK 
999 |c 51609  |d 51609 
952 |0 0  |1 0  |4 0  |6 894_000000000000000_M4_ADA_T_P0  |7 0  |8 ESS  |9 61072  |a MAL  |b MAL  |d 2016-04-12  |e 44813  |g 45.00  |l 0  |o 894.M4 ADA/T P0  |p MAL044813  |r 2016-04-12  |t 1  |w 2016-04-12  |y BK